000 00795nam a2200229 u 4500
001 000751702
003 AM-YeHGA
005 20250618073816.0
008 100719s1983 |||| |||||||||||||rus d
040 _aAM-YeHGA
041 0 _arus
100 1 _aТынянов, Юрий Николаевич
_d1894-1943
245 1 0 _aПушкин /
_cЮ. Н. Тынянов.
260 _aМосква :
_bКнига,
_c1983.
300 _aч. ;
_c19 см.
505 _gЧ. 1 (240 с.)
_tДетство; Лицей ( Главы I-IV)
_gЧ. 2 (208 с.)
_tЛицей (Главы V-Х I) ; Юность
_gЧ. 3 (208)
_tЛицей (Главы V-Х I) : Юность
650 1 4 _aЛитература
_94918
740 0 2 _aДетство
740 0 2 _aЛицей
740 0 2 _aЮность
090 _c279363
999 _c277712
_d277712